000 00474nam a2200169 a 4500
001 1447
005 20180713181509.0
008 140415s1984 000 0 spa d
041 _aspa
082 _a624.1
_bINS
100 1 _aINSTITUTO DE INVESTIGACIONES ELECTRICAS
245 1 0 _aINGENIERIA ESTRUCTURAL
260 _a[s.l.] :
_bDIVISION DE ESTUDIOS DE INGENIERIA,
_c1984
300 _a72
490 _aCUADERNOS
_v1
650 1 4 _aINGENIERIA DE ESTRUCTURAS
999 _c1447
_d1447